Migration Compact and African Growth /
Zapisane w:
| 1. autor: | |
|---|---|
| Format: | Nieznany |
| Język: | English |
| Dostęp online: | texto completo desde el sitio de la revista |
| Etykiety: |
Dodaj etykietę
Nie ma etykietki, Dołącz pierwszą etykiete!
|
MARC
| LEADER | 00000 a2200000 04500 | ||
|---|---|---|---|
| 001 | 46602 | ||
| 003 | cru CIDCACS/IIS | ||
| 005 | 20191018094958.0 | ||
| 008 | 191018s2017 it t| p|r || ||eng|d | ||
| 999 | |c 42505 |d 42505 | ||
| 040 | |c cru CIDCACS/IIS | ||
| 100 | 1 | |9 8713 |a Majocchi, Alberto | |
| 245 | 1 | |a Migration Compact and African Growth / |c Alberto Majocchi | |
| 300 | |a páginas 28-29 | ||
| 773 | 0 | |0 4879 |9 3143 |a Einstein Center for International Studies |d Italia : Einstein Center for International Studies |o 17613 |t The Federalist Debate: |w (cru CIDCACS/IIS)46602 |x 15918483 | |
| 856 | |u http://www.federalist-debate.org/index.php/component/k2/item/1099-migration-compact-and-african-growth |y texto completo desde el sitio de la revista | ||
| 942 | |2 ddc |c PP | ||
